| Record ID | ia:matthewarnoldcri0000hard |
| Source | Internet Archive |
| Download MARC XML | https://archive.org/download/matthewarnoldcri0000hard/matthewarnoldcri0000hard_marc.xml |
| Download MARC binary | https://www.archive.org/download/matthewarnoldcri0000hard/matthewarnoldcri0000hard_meta.mrc |
LEADER: 00665cam 22002293 4500
001 0116302413095
008 890818s1964 sz eng x
010 $a65032842
035 $a(Sirsi) AAT-4217
035 $a75036377.C..
040 $aOPET$beng
043 $ae-uk---$ae-fr---
050 4 $aPR4024$b.H3
090 0 $aPQ 92 .H3$bb
100 1 $aHarding, Frank James William.
245 10 $aMatthew Arnold, the critic and France. --
260 $aGenève :$bDroz,$c1964.
300 $a203 p.
504 $aBibliogr.
600 10 $aArnold, Matthew,$d1822-1888.
650 0 $aFrench literature$y19th century$xHistory and criticism.
651 0 $aFrance$xCivilization$xHistory.